Jeannine Boëldieu-Trevet, Commander dans le monde grec au Ve siècle avant notre ère, Besançon, Université de Franche-Comté, Presses universitaires de Franche-Comté, Institut des sciences et techniques de l’Antiquité, 2007, 294 p. (notice n° 1651567)

détails MARC
000 -LEADER
fixed length control field 02011cam a2200169 4500500
005 - DATE AND TIME OF LATEST TRANSACTION
control field 20260208005321.0
041 ## - LANGUAGE CODE
Language code of text/sound track or separate title fre
042 ## - AUTHENTICATION CODE
Authentication code dc
100 10 - MAIN ENTRY--PERSONAL NAME
Personal name Bernard, Nadine
Relator term author
245 00 - TITLE STATEMENT
Title Jeannine Boëldieu-Trevet, Commander dans le monde grec au Ve siècle avant notre ère, Besançon, Université de Franche-Comté, Presses universitaires de Franche-Comté, Institut des sciences et techniques de l’Antiquité, 2007, 294 p.
260 ## - PUBLICATION, DISTRIBUTION, ETC.
Date of publication, distribution, etc. 2009.<br/>
500 ## - GENERAL NOTE
General note 26
520 ## - SUMMARY, ETC.
Summary, etc. RESUME Gambetta et Ferry ont joué tous deux un rôle décisif dans la fondation de la IIIe République. L’examen de leurs correspondances permet de suivre l’évolution subtile de leur relation personnelle. Dans leur combat commun, le Lorrain réservé a subi l’ascendant du Méridional éloquent et il s’est vite tissé entre eux une chaleureuse amitié. Peu à peu, celle-ci s’est distendue et, après la conquête du pouvoir par les républicains, les ambitions se sont durement affrontées. Aujourd’hui, Ferry, loué pour son œuvre scolaire, désavoué pour son œuvre coloniale, demeure plus présent que son ami et rival dans la mémoire collective des Français.
520 ## - SUMMARY, ETC.
Summary, etc. ABSTRACT Gambetta and Ferry have both played a determinant part in the IIIrd Republic foundation. The study of their letters allows to observe the subtle evolution of their personal intercourse. In their common fight, the reserved Lorrain has been subjected to the influence of the eloquent Meridional and they stroke up a hearty friendship. This relationship insensibly slackened and, after the republican victory, their ambitions roughly attacked each other. To day, Ferry, praised for his school reforms, disapproved for his colonial part, remains more alive than his friend and rival in the collective remebrance of French people.
786 0# - DATA SOURCE ENTRY
Note Revue historique | 648 | 4 | 2009-02-17 | p. 921c-995c | 0035-3264
856 41 - ELECTRONIC LOCATION AND ACCESS
Uniform Resource Identifier <a href="https://shs.cairn.info/revue-historique-2008-4-page-921c?lang=fr&redirect-ssocas=7080">https://shs.cairn.info/revue-historique-2008-4-page-921c?lang=fr&redirect-ssocas=7080</a>

Pas d'exemplaire disponible.

PLUDOC

PLUDOC est la plateforme unique et centralisée de gestion des bibliothèques physiques et numériques de Guinée administré par le CEDUST. Elle est la plus grande base de données de ressources documentaires pour les Étudiants, Enseignants chercheurs et Chercheurs de Guinée.

Adresse

627 919 101/664 919 101

25 boulevard du commerce
Kaloum, Conakry, Guinée

Réseaux sociaux

Powered by Netsen Group @ 2025